| 000 | 00622nam a22001577a 4500 | ||
|---|---|---|---|
| 003 | OSt | ||
| 005 | 20251119152252.0 | ||
| 008 | 251119b |||||||| |||| 00| 0 eng d | ||
| 041 | _aEng | ||
| 082 | _aPM/PDIS/25 ACC No: 11,995 | ||
| 245 | _aRequest For Approval Of Publican Digital Inspection Solution Agreement Between Ghana Revenue Authority And Truedare Investment Limited | ||
| 260 |
_aAccra _bParliament Of Ghana _c2025 |
||
| 300 | _a9p; Pic | ||
| 650 | _aRequest For Approval Of Publican Digital Inspection Solution Agreement Between Ghana Revenue Authority And Truedare Investment Limited | ||
| 942 |
_2ddc _cMOU _n0 |
||
| 999 |
_c5760 _d5760 |
||